Manipulácia s myslením ľudí v kapitalistických štátoch

Bibliographic Details
Main Author: Hrzal, Ladislav, narodený 1923 (Author)
Format: Article
Language:Slovak
Subjects:

MARC

LEADER 00000nab a2200000 a 4500
001 vtls000162770
003 SK-MaSNL
005 20260304172130.0
008 111104c1983 xo 0 slo
015 |a SNBRB19rr/mm-uuuuu 
035 |a CL0172881 
040 |a SNKBUCL  |b slo  |c SNKBUCL  |e AACR2 
041 0 |a slo 
044 |a xo  |c SK 
080 |a 32.019.5:323.32  |2 1981 
080 |a 323.32  |2 1981 
100 1 |a Hrzal, Ladislav,  |d narodený 1923  |4 aut  |9 263352 
245 1 0 |a Manipulácia s myslením ľudí v kapitalistických štátoch  |c Ladislav Hrzal 
650 0 7 |a propaganda buržoázna  |2 snkbucl  |9 923634 
655 7 |a články z novín a časopisov  |2 snkbucl  |9 267496 
773 0 |t Život strany  |g Č. 13 (1983), s. 55-57 
850 |a Slovenská národná knižnica v Martine  |a MTA001 
852 |a SNK  |b KIS3GCP 
958 |a RK 
992 |a RBX 
999 |c 2996768  |d 2998698